000 00738cam a2200229 a 4500
001 628007
005 20180224065954.0
008 921028s1992 cau 000 0 eng
010 _a 92233138
020 _a0939144158
040 _aDLC
_cDLC
_dDLC
041 0 _aengheb
080 _a492.4824
082 0 0 _a492.4824 SIM
_220
100 1 _a24
101 _aTEO
245 1 4 _aThe first Hebrew primer :
_cEthelyn Simon, Irene Resnikoff, Linda Motzkin.
740 0 _aFirst Hebrew primer for adults.
906 _a7
_bcbc
_corignew
_d2
_encip
_f19
_gy-gencatlg
942 _2ddc
_cBK
999 _c43368
_d43368